| 000 | 00389 a2200133 4500 | ||
|---|---|---|---|
| 001 | 92329 | ||
| 082 | _aPR 2385 | ||
| 090 |
_c44285 _d44286 |
||
| 100 | _aWaqas Aftab; Prof Dr.Farooq(Advisor) | ||
| 245 |
_aDevelopment of Lab Model for Simulation of Battlefield Command and Control System _n60 'B' EC |
||
| 260 |
_aIsalamabad _bNUST _c2005 |
||
| 300 | _av,48p. | ||
| 500 | _aBE Project Report | ||
| 942 |
_aCAE NUST _kPR 2385 |
||
| 999 |
_c327402 _d327402 |
||